000 00381nam a2200145Ia 4500
008 240624s9999 xx 000 0 und d
041 _aeng
082 _a658.314 PFE
100 _aPFEFFER JEFFREY
245 _aHUMAN EQUATION BUILDING PROFITS BY PUTTI
250 _a(1st Ed. ed.)
260 _c1998
_aBoston
_bHarvard Business Review Press
300 _a368 : p.
365 _c
_b25
999 _c22118
_d22118